000
00284nam a2200145Ia 4500
100
_a
Han Jiawei/ Kamber
942
_c
BK
366
_f
17.5
245
_a
Data Mining
260
_b
Elsevier
_c
2006
082
_a
005.74/HAN
_b
HAN
300
_a
770
546
_a
ENGLISH
999
_c
22144
_d
22144